000
00324 a2200109 4500
001
ART_13072
005
20260410161735.0
008
260409a
245
1
0
_a
El valor de la opción Parte I
100
1
_a
Marcel, Alberto E.
773
0
_t
Ejecutivos de finanzas
_g
- Año 7, Nº 63 (feb./mar. 1990)
_w
REV2863
999
_c
18217
_d
18217